000 01060nam a2200277 i 4500
001 000003273
003 DO-SdBNP
005 20240123142755.0
007 ta
008 090707s1970 dr c r 001 0 spa d
040 _aDO-SdBNP
_bspa
_cBNPHU
_erda
082 4 _a341.23
_2R696n
_b22
100 1 _aRodríguez, Bolívar E.
_910308
_eautor
245 1 4 _aLas Naciones Unidas y la compresión internacional :
_buna guía para la educación del futuro /
_cBolívar E. Rodríguez.
264 _aSanto Domingo :
_beditor no identificado,
_c1970.
300 _a192 páginas:
_bretratos ;
_c22 cm.
336 _2rdacontent
_atexto
_btxt
337 _2rdamedia
_asin mediación
_bn
338 _2rdacarrier
_avolumen
_bnc
500 _aIncluye índice y referencias bibliográficas y notas al pie de las páginas.
500 _aEsta obra es en honor al vigésimoquinto año de las Naciones Unidas, año de Internacional de la Educación.
590 _aInventariado, 2024/BT
650 4 _aNaciones Unidas
_xPlanificación
_910309
910 _aSaquino
942 _2ddc
_cLBS1
999 _c3104
_d3104